000 00841nam a22002657a 4500
001 000633
003 DO-SdBNP
005 20180202100439.0
007 000633
008 161102b 1977 sp a ||||| |||| 00| 0 spa d
020 _a8424302281
040 _aBPMSU
_bspa
_cBPMSU
082 _axxxx
_bxxxx
245 0 0 _a15 relatos del tiempo de las Cruzadas /
_cAdaptación de 15 recitales de las temporadas de Claude Appell.
246 _aQuince relatos del tiempo de las Cruzadas.
260 _aBilbao, España :
_bFher imp.,
_b Gautier Languereau,
_c1977.
300 _a245 p. :
_bil. ;
_c22 cm.
490 1 _a15 Historias
650 _aCuentos -- Libros infantiles
700 1 _aAppell, Claude
830 0 _a15 Historias
942 _2ddc
_cBK
945 _aInventariado, 2018/ YL
956 _2LOPEREZ
_310
_620161102
_8BPMSU
_a00041
999 _c11762
_d11762